[Event "Kiev-ch"]
[Site "Kiev"]
[Date "2006.01.27"]
[Round "4"]
[White "Panchenko, Alexandar G"]
[Black "Shumilov, Ilya"]
[Result "1/2-1/2"]
[WhiteElo "2393"]
[BlackElo "2098"]
[PlyCount "86"]
[EventDate "2006.01.24"]
[EventType "swiss"]
[EventRounds "11"]
[EventCountry "UKR"]
[SourceTitle "CBM 110 Extra"]
[Source "ChessBase"]
[SourceDate "2006.03.10"]
[SourceVersion "2"]
[SourceVersionDate "2006.03.10"]
[SourceQuality "1"]

1. Nf3 d5 2. d4 e6 3. c4 f5 4. g3 Nf6 5. Bg2 c6 6. 0-0 Bd6 7. Bf4 Bxf4 8. gxf4 0-0 9. Nbd2 Nbd7 10. e3 Qe7 11. Qc2 Ne4 12. Kh1 Ndf6 13. Ne5 Bd7 14. Nxe4 fxe4 15. f3 exf3 16. Bxf3 Be8 17. Qe2 Nd7 18. Nxd7 Qxd7 19. Rg1 Bg6 20. Rg3 Rf7 21. Rag1 Re8 22. b4 a5 23. a3 axb4 24. axb4 Ra8 25. c5 b5 26. cxb6 Qb7 27. b5 Qxb6 28. bxc6 Qxc6 29. Qg2 Qc7 30. h4 Ra3 31. h5 Bf5 32. Qf2 Qc4 33. Qb2 Rb3 34. Qa2 h6 35. Qg2 Qc7 36. Re1 Rc3 37. Bg4 Rc2 38. Re2 Rc1+ 39. Kh2 Be4 40. Bf3 Bf5 41. Bg4 Qe7 42. Bxf5 Rxf5 43. Rh3 Qc7 1/2-1/2

[Event "NRW Class2 0506"]
[Site "Germany"]
[Date "2005.09.25"]
[Round "1.2"]
[White "Stark, Lars"]
[Black "Panchenko, Alexandar G"]
[Result "0-1"]
[WhiteElo "2337"]
[BlackElo "2412"]
[PlyCount "104"]
[EventDate "2005.09.25"]
[EventType "team"]
[EventRounds "9"]
[EventCountry "GER"]
[SourceTitle "EXT 2006"]
[Source "ChessBase"]
[SourceDate "2005.11.24"]
[SourceVersion "1"]
[SourceVersionDate "2005.11.24"]
[SourceQuality "1"]
[WhiteTeam "Duesseldorf"]
[BlackTeam "Betzdorf Kirchen"]
[WhiteTeamCountry "GER"]
[BlackTeamCountry "GER"]

1. c4 e6 2. g3 d5 3. Bg2 Nf6 4. Nf3 Be7 5. 0-0 0-0 6. Qc2 c5 7. d4 Nc6 8. dxc5 Qa5 9. cxd5 Nb4 10. Qb3 Nbxd5 11. Bd2 Qxc5 12. Nc3 Bd7 13. Ne5 Nxc3 14. Nxd7 Nxe2+ 15. Kh1 Nxd7 16. Be3 Qb4 17. Qxb4 Bxb4 18. Bxb7 Rab8 19. Bf3 Nxg3+ 20. hxg3 Bc5 21. Bc6 Bxe3 22. Bxd7 Bd4 23. Rad1 Bxb2 24. Ba4 Rb4 25. Bb3 Bd4 26. Rc1 Rd8 27. Rfd1 Rbb8 28. Kg2 Kf8 29. Rc7 g6 30. Rd3 Bb6 31. Rcd7 Rxd7 32. Rxd7 Rc8 33. f4 h5 34. Rb7 Rc1 35. Rd7 Rb1 36. Rb7 Rb2+ 37. Kh3 Bg1 38. Kh4 Kg7 39. g4 Rh2+ 40. Kg3 h4+ 41. Kf3 Rf2+ 42. Ke3 Rf1+ 43. Ke2 Rxf4 44. Bxe6 Re4+ 45. Kf1 Rxe6 46. Kxg1 Re4 47. Rxa7 Rxg4+ 48. Kh2 g5 49. a4 Rb4 50. a5 g4 51. a6 Rb2+ 52. Kg1 Ra2 0-1